| 000 | 00367nam a2200133Ia 4500 | ||
|---|---|---|---|
| 008 | 150202s9999 xx 000 0 und d | ||
| 020 | _a440202310 | ||
| 050 |
_aFIC _bFIC |
||
| 100 | _aBuckley, William F. Jr. | ||
| 245 |
_aMongoose, R.I.P. / _cWilliam F. Buckley. |
||
| 260 |
_aNew York : _bDel Books, _c1987. |
||
| 300 |
_a371 pages : _c18 cm. |
||
| 650 | _aFiction. | ||
| 999 |
_c281871 _d281871 |
||